সিরিয়া মহাযুদ্ধের কাল / (Record no. 12648)
[ view plain ]
| 000 -LEADER | |
|---|---|
| fixed length control field | 00761nam a2200217 a 4500 |
| 001 - CONTROL NUMBER | |
| JCCL Control Number | 12648 |
| 003 - CONTROL NUMBER IDENTIFIER | |
| JCCL marc code | BD-JhCC |
| 005 - DATE AND TIME OF LATEST TRANSACTION | |
| control field | 20221025124028.0 |
| 008 - FIXED-LENGTH DATA ELEMENTS--GENERAL INFORMATION | |
| fixed length control field | 221025s20152022bg |||| |||| 000 0 ban d |
| 035 ## - SYSTEM CONTROL NUMBER | |
| system control number | (BD-JhCC)12648 |
| 040 ## - CATALOGING SOURCE | |
| Original cataloging agency | BD-JhCC |
| Modifying agency | BD-JhCC |
| 041 ## - LANGUAGE CODE | |
| Language code of Book | Bangla |
| 082 ## - DEWEY DECIMAL CLASSIFICATION NUMBER | |
| Classification number | 956.91 |
| Author mark and Year | AHA 2022 |
| 100 ## - MAIN ENTRY--PERSONAL NAME | |
| Personal name | আহমাদ, জসিমউদ্দীন |
| 245 ## - TITLE STATEMENT | |
| Title | সিরিয়া মহাযুদ্ধের কাল / |
| Statement of responsibility, etc | জসিমউদ্দীন আহমাদ |
| 260 ## - PUBLICATION, DISTRIBUTION, ETC. (IMPRINT) | |
| Place of publication, distribution, etc | ঢাকা : |
| Name of publisher, distributor, etc | ফেরা প্রকাশন, |
| Date of publication, distribution, etc | ২০২২ |
| 300 ## - PHYSICAL DESCRIPTION | |
| Pagination | ৩৮৩ পৃ. : |
| Dimensions | ২২ সেমি. |
| 504 ## - BIBLIOGRAPHY, ETC. NOTE | |
| Bibliography, etc | গ্রন্থপঞ্জি অর্ন্তভূক্ত। |
| 650 ## - SUBJECT ADDED ENTRY--TOPICAL TERM | |
| Topical term or geographic name as entry element | Syria |
| 942 ## - ADDED ENTRY ELEMENTS (KOHA) | |
| Source of classification or shelving scheme | Dewey Decimal Classification |
| Koha item type | Books |
| Source of classification or shelving scheme | Damaged status | Not for loan | Home library | Current library | Shelving location | Date of accession | Cost, normal purchase price | Total Checkouts | Full call number | Barcode | Date last seen | Date checked out | Copy number | Koha item type |
|---|---|---|---|---|---|---|---|---|---|---|---|---|---|---|
| Dewey Decimal Classification | JCC Rouf Library | JCC Rouf Library | General Stacks | 10/25/2022 | 360.00 | 2 | 956.91 AHA 2022 | 17416 | 02/06/2024 | 12/02/2023 | C-1 | Books |